Charmed - Saison 4 - Statistiques

Statistiques générales
  • Ce quiz a été pris 179 fois
    178 depuis la dernière actualisation
  • Le résultat moyen est 11 sur 15
Statistiques - réponses
Hint Réponse % Correct
Une des trois sœurs est décédée. Laquelle ? Prue
100%
Quel parent commun ont les 4 sœurs ? Mère ou père ? Mère
96%
Par ailleurs, elle n'est pas qu'une simple sorcière. Quel autre être magique est-elle ? Être de lumière
95%
Quelle sœur marie Cole, et sans le savoir La Source ? Phoebe
95%
Par la suite, le démon qui détenait La Source meurt. Qui prend alors sa place par la suite ? Cole
90%
Suite au décès de cette sœur, une nouvelle arrive pour reformer le Pouvoir des Trois. Laquelle (donner prénom et nom de famille) ? Paige Matthews
87%
Cette femme mentionnée au-dessus n'est en réalité pas vraiment leur sœur. Qu'est-elle ? Demi-sœur
86%
Qui était son interprète ? Shannen Doherty
82%
Quel titre portait cette sœur lorsqu'elle accepta de rejoindre Cole au dépit de ses sœurs ? Reine
76%
Finalement, à la fin de la série, Piper apprend une nouvelle incroyable. Elle apprend que... ? Elle est enceinte
73%
Suite à la mort de Cole en tant que La Source, il faut un successeur. Qui est-il ? La Prophétesse
47%
Dans l'épisode 13 de la saison 4, La Source décide de libérer un élément qui pourrait détruire le monde de la magie dans son entièreté ? Lequel Néant
47%
Finalement, Phoebe envoie Cole avec ses sœurs en Enfer grâce à une formule. Quel est le premier mot dit dans la formule (un prénom) ? Prudence
43%
Lorsque cette nouvelle Source est couronnée, les trois sœurs sont piégées dans une cage. Avec quel pouvoir s'en sortent-elles ? Pouvoir des Trois
39%
Lorsque la sœur mariée à Cole était enceinte, quel est le nom de la boisson qu'elle devait boire matin et soir ? Cordial
18%
Aucun quiz correspondant
Distribution des résultats
% des personnes avec chaque résultat
Percentile par nombre de réponses
Votre historique - résultats
Vous n’avez pas pris ce quiz depuis la dernière actualisation